000 00238 a2200109 4500
020 _a9789354978555
100 _aSanjay Kumar
245 _aCommunication skills
250 _a3rd
260 _bOxford University Press
_c2025
942 _cOO
999 _c116027
_d116026